000 00633nam a2200181Ia 4500
008 100920s9999 xx 000 0 und d
082 _b103660
_a910 न 09
100 _aबारटक्के सुहास.
245 _aकोकणातल्या आडवाटा.
260 _bनवचैतन्य प्रकाशन ,मुंबई.
_c2009
300 _a96
_bसाधी
365 _b100
520 _aभू.प्र.
630 _aकोकणातल्या आडवाटा.
650 _aभू.प्र.
730 _aकोकणातल्या आडवाटा.
942 _cBOOK
999 _c744092
_d744089